Technische dynamik /

Bibliographic Details
Main Author: Biezeno, C. B. (Cornelis Benjamin), 1888-1975
Other Authors: Grammel, R. (Richard), 1889-
Format: Book
Language:German
Published: Berlin : J. Springer, 1939.
Subjects:

MARC

Tag First Indicator Second Indicator Subfields
LEADER 00000cam a2200000 4500
001 in00000476521
005 20151012164929.0
008 770615s1939 gw b 00010 gere
010 |a  40008790  
035 |a (OCoLC)03044567 
035 |9 ABZ8124AM 
040 |a DLC  |c TXA  |d TXA  |d UtOrBLW 
049 |a TXAM  |c [377018] 
050 0 0 |a TJ145  |b .B65 
082 0 |a 621 
100 1 |a Biezeno, C. B.  |q (Cornelis Benjamin),  |d 1888-1975. 
245 1 0 |a Technische dynamik /  |c von C. B. Biezeno und R. Grammel. 
264 1 |a Berlin :  |b J. Springer,  |c 1939. 
300 |a xii, 1056 pages ;  |c 26 cm. 
336 |a text  |b txt  |2 rdacontent 
337 |a unmediated  |b n  |2 rdamedia 
338 |a volume  |b nc  |2 rdacarrier 
500 |a Tables in pocket. 
504 |a Includes bibliographical references. 
505 0 |a Grundlagen.--Einzelnemaschinenteile.--Dampfturbinen.--Brennkraftmaschinen. 
650 0 |a Mechanical engineering. 
650 0 |a Mechanics, Applied. 
700 1 |a Grammel, R.  |q (Richard),  |d 1889- 
999 |a MARS 
999 f f |s 5d480d6b-d278-3c4a-bc6a-1b180518dd0d  |i 6607c3ff-bbda-3adf-b6c9-1dbc9dd8b676  |t 0 
952 f f |p ric  |a Texas A&M University  |b Rellis Campus  |c Joint Library Facility  |d Remote Storage  |t 0  |e TJ145 .B65  |h Library of Congress classification  |i unmediated -- volume  |m A14805420935 
998 f f |a TJ145 .B65  |t 0  |l Remote Storage